00413nam a22001577a 450000500170000001000150001702000260003203500140005803700130007208200110008510000200009624500360011626000390015227000430019130000210023420190520143434.0 aENG-125236 a9789382955054c200.00 aEN-108768 bDBAD/PUB a230.31 aRaghavan S.T.V. aIdea of God /cS.T.V., Raghavan aNew DelhibWords Worth Indiac2017 aDA/89F, IInd FloorbHari Nagare110064 a114p.c22cm(pbk)